Vivekacandrodayanāṭakam. (Record no. 89263)
[ view plain ]
| 000 -LEADER | |
|---|---|
| fixed length control field | 00760cam a22002291 4500 |
| 001 - CONTROL NUMBER | |
| control field | sa 68020137 |
| 003 - CONTROL NUMBER IDENTIFIER | |
| control field | DLC |
| 005 - DATE AND TIME OF LATEST TRANSACTION | |
| control field | 20260227112722.0 |
| 008 - FIXED-LENGTH DATA ELEMENTS--GENERAL INFORMATION | |
| fixed length control field | 900220s1966 ii 000 0 sano |
| 010 ## - LIBRARY OF CONGRESS CONTROL NUMBER | |
| LC control number | sa 68020137 |
| 035 ## - SYSTEM CONTROL NUMBER | |
| System control number | (OCoLC)21096068 |
| 040 ## - CATALOGING SOURCE | |
| Original cataloging agency | DLC |
| Transcribing agency | WaU |
| Modifying agency | DLC |
| 050 00 - LIBRARY OF CONGRESS CALL NUMBER | |
| Classification number | PK3798.S59 |
| Item number | V5 |
| 100 0# - MAIN ENTRY--PERSONAL NAME | |
| Personal name | Śivakavi. |
| 245 10 - TITLE STATEMENT | |
| Title | Vivekacandrodayanāṭakam. |
| Remainder of title | Vivekacandrodaya-nataka. |
| Statement of responsibility, etc. | Critically edited with introd. by K. V. Sarma. |
| 260 ## - PUBLICATION, DISTRIBUTION, ETC. | |
| Date of publication, distribution, etc. | 1966. |
| 300 ## - PHYSICAL DESCRIPTION | |
| Extent | xvii, 40 p. |
| Dimensions | 25 cm. |
| 440 #0 - SERIES STATEMENT/ADDED ENTRY--TITLE | |
| Title | Vishveshvaranand Indological series ; |
| Volume/sequential designation | 37 |
| 440 #0 - SERIES STATEMENT/ADDED ENTRY--TITLE | |
| Title | Vishveshvaranand Vedic Research Institute publication ; |
| Volume/sequential designation | 397 |
| 546 ## - LANGUAGE NOTE | |
| Language note | In Sanskrit; introductory matter in English. |
| 700 1# - ADDED ENTRY--PERSONAL NAME | |
| Personal name | Sarma, K. V. |
| Fuller form of name | (K. Venkateswara), |
| Dates associated with a name | 1919-2005. |
No items available.